ՀՀ Գիտությունների ազգային ակադեմիայի հիմնարար գիտական գրադարան  =   Fundamental Scientific Library of NAS RA
Normal view MARC view

Entry Personal Name

Number of records used in: 7

001 - CONTROL NUMBER

  • control field: 3603

003 - CONTROL NUMBER IDENTIFIER

  • control field: AM-YEHGA

005 - DATE AND TIME OF LATEST TRANSACTION

  • control field: 20250617070445.0

008 - FIXED-LENGTH DATA ELEMENTS

  • fixed length control field: 080530 a|ac|n|aab||||||||||||a |n|||||||

040 ## - CATALOGING SOURCE

  • Original cataloging agency: AM-YEHGA

100 1# - HEADING--PERSONAL NAME

  • Personal name: Խաչատուր, Գևորգ Խորենի,
  • Dates associated with a name: 1940-

400 1# - SEE FROM TRACING--PERSONAL NAME

  • Control subfield: a
  • Personal name: Խաչատրյան, Գևորգ Խորենի,
  • Dates associated with a name: 1940-

400 1# - SEE FROM TRACING--PERSONAL NAME

  • Personal name: Խաչատուր, Գևորգ,
  • Dates associated with a name: 1940-

400 1# - SEE FROM TRACING--PERSONAL NAME

  • Personal name: Խաչատուր, Գ.
  • Fuller form of name: (Գևորգ),
  • Dates associated with a name: 1940-

400 1# - SEE FROM TRACING--PERSONAL NAME

  • Personal name: Хачатур, Геворк Хоренович,
  • Dates associated with a name: 1940-

400 1# - SEE FROM TRACING--PERSONAL NAME

  • Personal name: Khachatur, Gevorg Khoreni,
  • Dates associated with a name: 1940-

670 ## - SOURCE DATA FOUND

  • Source citation: Ով ով է։ Հայեր։ Կենսագրական հանրագիտարան, 2005 :
  • Information found: հ. 1 (Խաչատուր (Խաչատրյան) Գևորգ Խորենի (ծ. 5.5.1940, ք. Գանձակ), բանաստեղծ); b|ն.տ. (Կատարել է թարգմ-ներ)

670 ## - SOURCE DATA FOUND

  • Source citation: Ապրող կարոտներ : Բանաստեղծություններ, 1988 :
  • Information found: տիտղթ. (Կազմ.՝ Գ. Խաչատուր)

670 ## - SOURCE DATA FOUND

  • Source citation: Դարապտույտ : Բանաստեղծություններ, 1980 :
  • Information found: տիտղթ. (Գ.Խ. Խաչատուր)


ՀՀ ԳԱԱ հիմնարար գիտական գրադարան
ՀՀ,Երևան 0019
Մարշալ Բաղրամյան 24/6
հեռախոս:(374-10) 52-47-50
Հետադարձ կապ

All site content, except where otherwise noted, is licensed under a
Creative Commons License